[Event "Moscow Open 2016 A"]
[Site "?"]
[Date "2016.02.03"]
[Round "5.13"]
[White "Antal, Gergely"]
[Black "Khanin, Semen"]
[Result "1-0"]
[BlackElo "2393"]
[WhiteElo "2566"]
[LiveChessVersion "1.4.7"]

1. e4 {[%clk 1:26:20]} c5 {[%clk 1:30:57]} 2. Nf3 {[%clk 1:26:38]} e6
{[%clk 1:31:19]} 3. d4 {[%clk 1:26:26]} cxd4 {[%clk 1:31:44]} 4. Nxd4
{[%clk 1:26:53]} Nc6 {[%clk 1:32:10]} 5. Nc3 {[%clk 1:26:23]} Qc7
{[%clk 1:32:35]} 6. g3 {[%clk 1:26:02]} a6 {[%clk 1:32:48]} 7. Bg2
{[%clk 1:26:23]} Nf6 {[%clk 1:33:13]} 8. O-O {[%clk 1:26:44]} h5 {[%clk 1:33:39]}
9. Nxc6 {[%clk 1:27:02]} dxc6 {[%clk 1:33:24]} 10. e5 {[%clk 1:27:23]} Qxe5
{[%clk 1:30:57]} 11. Bf4 {[%clk 1:27:48]} Qf5 {[%clk 1:24:51]} 12. Na4
{[%clk 1:01:07]} Qa5 {[%clk 1:21:47]} 13. c4 {[%clk 1:01:16]} Bd7
{[%clk 1:18:30]} 14. Re1 {[%clk 0:38:02]} b5 {[%clk 1:11:17]} 15. cxb5
{[%clk 0:37:58]} axb5 {[%clk 1:11:39]} 16. Nc3 {[%clk 0:38:24]} Qb6
{[%clk 1:05:52]} 17. Qe2 {[%clk 0:35:57]} Bc5 {[%clk 0:49:42]} 18. Nxb5
{[%clk 0:26:56]} O-O {[%clk 0:49:58]} 19. Nd6 {[%clk 0:24:12]} Ra4
{[%clk 0:49:14]} 20. Be3 {[%clk 0:19:28]} Bxe3 {[%clk 0:47:42]} 21. fxe3
{[%clk 0:19:53]} Qc5 {[%clk 0:45:41]} 22. b3 {[%clk 0:19:50]} Rg4
{[%clk 0:43:30]} 23. Rad1 {[%clk 0:19:14]} Qg5 {[%clk 0:29:00]} 24. Rf1
{[%clk 0:14:19]} Nd5 {[%clk 0:20:14]} 25. Rd3 {[%clk 0:14:43]} h4
{[%clk 0:18:06]} 26. Ne4 {[%clk 0:06:46]} Qg6 {[%clk 0:16:59]} 27. Nf2
{[%clk 0:07:14]} Rg5 {[%clk 0:15:35]} 28. Nh3 {[%clk 0:07:40]} Re5
{[%clk 0:10:55]} 29. e4 {[%clk 0:07:33]} Bc8 {[%clk 0:10:11]} 30. Qb2
{[%clk 0:06:58]} f6 {[%clk 0:05:45]} 31. Qa3 {[%clk 0:03:58]} c5 {[%clk 0:04:21]}
32. Rfd1 {[%clk 0:03:56]} Nb4 {[%clk 0:04:06]} 33. Rd8 {[%clk 0:04:00]} Nc6
{[%clk 0:03:37]} 34. Rxf8+ {[%clk 0:03:46]} Kxf8 {[%clk 0:04:03]} 35. Qa8 Qe8
{[%clk 0:03:17]} 36. Nf4 {[%clk 0:02:40]} Nd4 {[%clk 0:03:23]} 37. gxh4
{[%clk 0:02:26]} Bd7 {[%clk 0:03:09]} 38. Ng6+ {[%clk 0:02:27]} Kf7
{[%clk 0:03:34]} 39. Nxe5+ {[%clk 0:02:50]} fxe5 {[%clk 0:04:00]} 40. Qxe8+
{[%clk 0:33:06]} Bxe8 {[%clk 0:34:25]} 41. Kf2 {[%clk 0:33:24]} Ke7
{[%clk 0:34:51]} 42. Rc1 {[%clk 0:33:12]} Kd6 {[%clk 0:35:16]} 43. Bf3
{[%clk 0:33:38]} g6 {[%clk 0:34:45]} 44. Be2 {[%clk 0:30:43]} Bc6
{[%clk 0:34:50]} 45. Bd3 {[%clk 0:30:54]} Be8 {[%clk 0:35:14]} 46. Ke3
{[%clk 0:25:55]} Bf7 {[%clk 0:34:39]} 1-0

[Event "Moscow Open 2016 A"]
[Site "?"]
[Date "2016.02.03"]
[Round "5.14"]
[White "Bigaliev, Renat"]
[Black "Frolyanov, Dmitry"]
[Result "1/2-1/2"]
[BlackElo "2563"]
[WhiteElo "2422"]
[LiveChessVersion "1.4.7"]

1. d4 {[%clk 1:30:59]} d5 {[%clk 1:30:55]} 2. c4 {[%clk 1:31:22]} e6
{[%clk 1:31:21]} 3. Nf3 {[%clk 1:31:44]} Nf6 {[%clk 1:31:22]} 4. g3
{[%clk 1:32:05]} dxc4 {[%clk 1:31:42]} 5. Bg2 {[%clk 1:32:30]} Nc6
{[%clk 1:32:03]} 6. Qa4 {[%clk 1:29:41]} Bb4+ {[%clk 1:32:14]} 7. Bd2
{[%clk 1:30:06]} Nd5 {[%clk 1:32:31]} 8. Bxb4 {[%clk 1:27:32]} Ndxb4
{[%clk 1:32:55]} 9. O-O {[%clk 1:26:58]} Rb8 {[%clk 1:31:06]} 10. Nc3
{[%clk 1:22:30]} a6 {[%clk 1:30:39]} 11. Ne5 {[%clk 1:21:55]} O-O
{[%clk 1:30:50]} 12. Nxc6 {[%clk 1:22:13]} Nxc6 {[%clk 1:31:12]} 13. Bxc6
{[%clk 1:22:29]} bxc6 {[%clk 1:31:38]} 14. Qxc4 {[%clk 1:22:48]} Rxb2
{[%clk 1:31:59]} 15. Rab1 {[%clk 1:21:42]} Rb6 {[%clk 1:29:13]} 16. Na4
{[%clk 1:15:00]} Rb5 {[%clk 1:29:22]} 17. Nc3 {[%clk 1:15:03]} Rb6
{[%clk 1:29:48]} 18. Na4 {[%clk 1:13:57]} Rb5 {[%clk 1:29:59]} 19. Nc3
{[%clk 1:14:20]} Rb6 {[%clk 1:30:26]} 1/2-1/2

[Event "Moscow Open 2016 A"]
[Site "?"]
[Date "2016.02.03"]
[Round "5.15"]
[White "Kopylov, Alexander A."]
[Black "Alekseenko, Kirill"]
[Result "1-0"]
[BlackElo "2560"]
[WhiteElo "2401"]
[LiveChessVersion "1.4.7"]

1. e4 {[%clk 1:20:49]} c5 {[%clk 1:30:02]} 2. Nf3 {[%clk 1:21:13]} d6
{[%clk 1:29:36]} 3. d4 {[%clk 1:21:38]} cxd4 {[%clk 1:29:52]} 4. Nxd4
{[%clk 1:22:06]} Nf6 {[%clk 1:29:56]} 5. Nc3 {[%clk 1:22:32]} a6 {[%clk 1:30:07]}
6. Be3 {[%clk 1:15:32]} e5 {[%clk 1:29:20]} 7. Nb3 {[%clk 1:15:41]} Be6
{[%clk 1:29:06]} 8. Qd2 {[%clk 1:15:25]} Nbd7 {[%clk 1:28:27]} 9. O-O-O
{[%clk 1:15:30]} Be7 {[%clk 1:26:39]} 10. f4 {[%clk 1:14:39]} b5 {[%clk 1:22:05]}
11. f5 {[%clk 1:11:33]} Bc4 {[%clk 1:20:47]} 12. g4 {[%clk 1:11:12]} Nxg4
{[%clk 0:50:55]} 13. Rg1 {[%clk 1:11:26]} Ndf6 {[%clk 0:41:19]} 14. Be2
{[%clk 0:54:16]} Nxe3 {[%clk 0:23:34]} 15. Qxe3 {[%clk 0:54:40]} Bxe2
{[%clk 0:23:16]} 16. Qxe2 {[%clk 0:54:57]} g6 {[%clk 0:23:29]} 17. Nd5
{[%clk 0:46:35]} Nxd5 {[%clk 0:23:03]} 18. Rxd5 {[%clk 0:47:01]} Qb6
{[%clk 0:21:31]} 19. Rf1 {[%clk 0:41:42]} Bg5+ {[%clk 0:19:33]} 20. Kb1
{[%clk 0:41:35]} O-O {[%clk 0:19:01]} 21. Qg4 {[%clk 0:32:41]} Bf4
{[%clk 0:18:27]} 22. Nd4 {[%clk 0:31:16]} Rac8 {[%clk 0:08:32]} 23. Rxf4
{[%clk 0:13:56]} exf4 {[%clk 0:08:33]} 24. f6 {[%clk 0:14:06]} Rc4
{[%clk 0:04:39]} 25. Qxf4 {[%clk 0:11:05]} Kh8 {[%clk 0:05:05]} 26. Rxd6
{[%clk 0:10:44]} Qc7 {[%clk 0:02:57]} 27. e5 {[%clk 0:09:36]} g5 {[%clk 0:02:15]}
28. Qd2 {[%clk 0:04:43]} Re8 {[%clk 0:01:51]} 29. b3 {[%clk 0:03:42]} Rc5
{[%clk 0:01:44]} 30. Nf3 {[%clk 0:02:25]} h6 {[%clk 0:00:44]} 31. Rd7
{[%clk 0:02:02]} Qc6 {[%clk 0:00:42]} 32. Nxg5 {[%clk 0:01:57]} hxg5
{[%clk 0:00:32]} 33. Qxg5 {[%clk 0:02:22]} Qh1+ {[%clk 0:00:50]} 34. Kb2
{[%clk 0:02:50]} Rxc2+ {[%clk 0:00:59]} 35. Kxc2 {[%clk 0:03:19]} Qe4+
{[%clk 0:00:33]} 36. Kd2 {[%clk 0:02:10]} Qh7 {[%clk 0:00:52]} 37. Rd4
{[%clk 0:00:50]} Qxh2+ {[%clk 0:00:48]} 38. Kd1 {[%clk 0:00:39]} Qh1+
{[%clk 0:00:36]} 39. Kd2 {[%clk 0:00:37]} Qh2+ {[%clk 0:00:55]} 40. Kd1
{[%clk 0:30:52]} Qh1+ {[%clk 0:31:19]} 41. Kc2 {[%clk 0:27:10]} Qh2+ 42. Kb1
{[%clk 0:27:19]} Qh7+ {[%clk 0:27:01]} 43. Kb2 {[%clk 0:27:43]} Rg8
{[%clk 0:26:35]} 44. Qxg8+ {[%clk 0:27:55]} 1-0

[Event "Moscow Open 2016 A"]
[Site "?"]
[Date "2016.02.03"]
[Round "5.16"]
[White "Yudin, Sergei"]
[Black "Samusenko, Maksim"]
[Result "1/2-1/2"]
[BlackElo "2362"]
[WhiteElo "2545"]
[LiveChessVersion "1.4.7"]

1. e4 {[%clk 1:28:57]} d5 {[%clk 1:30:36]} 2. exd5 {[%clk 1:29:21]} Qxd5
{[%clk 1:30:50]} 3. Nc3 {[%clk 1:29:23]} Qd6 {[%clk 1:30:58]} 4. d4
{[%clk 1:29:38]} Nf6 {[%clk 1:31:17]} 5. Nf3 {[%clk 1:29:13]} Bg4
{[%clk 1:31:17]} 6. h3 {[%clk 1:28:38]} Bh5 {[%clk 1:31:30]} 7. g4
{[%clk 1:28:51]} Bg6 {[%clk 1:31:50]} 8. Bg2 {[%clk 1:29:14]} Nbd7
{[%clk 1:31:00]} 9. g5 {[%clk 1:28:29]} Nd5 {[%clk 1:30:29]} 10. Nxd5
{[%clk 1:28:11]} Qxd5 {[%clk 1:30:47]} 11. O-O {[%clk 1:28:31]} Qc4
{[%clk 1:30:57]} 12. c3 {[%clk 1:27:14]} e6 {[%clk 1:31:03]} 13. Re1
{[%clk 1:22:21]} c6 {[%clk 1:30:27]} 14. Bf4 {[%clk 1:20:30]} Be7
{[%clk 1:23:52]} 15. Bf1 {[%clk 1:12:21]} Qd5 {[%clk 1:23:55]} 16. c4
{[%clk 1:12:29]} Qa5 {[%clk 1:11:27]} 17. d5 {[%clk 1:10:09]} cxd5
{[%clk 0:57:54]} 18. cxd5 {[%clk 1:10:09]} O-O {[%clk 0:58:06]} 19. a3
{[%clk 1:01:11]} Bh5 {[%clk 0:31:50]} 20. b4 {[%clk 0:52:14]} Qb6
{[%clk 0:21:41]} 21. d6 {[%clk 0:47:32]} Bxf3 {[%clk 0:19:01]} 22. Qxf3
{[%clk 0:47:27]} Bxd6 {[%clk 0:19:15]} 23. Be3 {[%clk 0:46:19]} Ne5
{[%clk 0:14:56]} 24. Qe4 {[%clk 0:44:00]} Qc6 {[%clk 0:13:50]} 25. Bg2
{[%clk 0:44:24]} Qxe4 {[%clk 0:13:34]} 26. Bxe4 {[%clk 0:44:38]} Nc4
{[%clk 0:12:31]} 27. Rad1 {[%clk 0:42:52]} Nxe3 {[%clk 0:11:58]} 28. Rxd6
{[%clk 0:40:03]} Nc4 {[%clk 0:12:19]} 29. Rd7 {[%clk 0:39:13]} Nxa3
{[%clk 0:11:48]} 30. Ra1 {[%clk 0:39:33]} Nc4 {[%clk 0:11:04]} 31. Bxb7
{[%clk 0:39:42]} Rab8 {[%clk 0:10:17]} 32. Rxa7 {[%clk 0:39:48]} Nb6
{[%clk 0:09:29]} 33. Rc7 {[%clk 0:36:06]} Nd5 {[%clk 0:07:41]} 34. Bxd5
{[%clk 0:35:54]} exd5 {[%clk 0:08:08]} 35. Rab7 {[%clk 0:36:18]} Rxb7
{[%clk 0:05:57]} 36. Rxb7 {[%clk 0:36:34]} Re8 {[%clk 0:04:19]} 37. Rd7
{[%clk 0:36:20]} h6 {[%clk 0:04:19]} 38. Rxd5 {[%clk 0:36:32]} hxg5
{[%clk 0:03:31]} 39. Rxg5 {[%clk 0:36:41]} Re1+ {[%clk 0:03:43]} 40. Kg2
{[%clk 1:07:05]} Rb1 {[%clk 0:33:57]} 41. Rg4 {[%clk 0:58:58]} g6
{[%clk 0:31:02]} 42. h4 {[%clk 0:59:06]} Kf8 {[%clk 0:30:18]} 43. Re4
{[%clk 0:58:58]} Kg7 {[%clk 0:27:36]} 44. Kf3 {[%clk 0:57:46]} Kf6
{[%clk 0:26:43]} 45. Kf4 {[%clk 0:56:41]} Rh1 {[%clk 0:18:15]} 46. Ke3
{[%clk 0:55:29]} Kf5 {[%clk 0:18:31]} 47. Rc4 {[%clk 0:51:25]} Ke5
{[%clk 0:17:59]} 48. Rf4 {[%clk 0:46:58]} Rb1 {[%clk 0:14:01]} 49. Re4+
{[%clk 0:42:12]} Kd5 {[%clk 0:10:16]} 50. f3 {[%clk 0:39:18]} Rb3+
{[%clk 0:08:27]} 51. Kf4 {[%clk 0:38:49]} f6 {[%clk 0:07:43]} 52. Kg3
{[%clk 0:39:01]} Rb1 {[%clk 0:02:16]} 53. Rf4 {[%clk 0:36:57]} Ke6
{[%clk 0:02:05]} 54. Rc4 {[%clk 0:36:53]} Kd6 {[%clk 0:02:27]} 55. Kf4
{[%clk 0:35:42]} Rh1 {[%clk 0:02:36]} 56. Ke3 {[%clk 0:35:58]} Re1+
{[%clk 0:02:43]} 57. Kd2 {[%clk 0:35:16]} Rf1 {[%clk 0:03:04]} 58. Ke2
{[%clk 0:35:02]} Rb1 {[%clk 0:03:26]} 59. Rg4 {[%clk 0:35:27]} Ke6
{[%clk 0:03:27]} 60. Kf2 {[%clk 0:31:22]} Rb2+ {[%clk 0:03:38]} 61. Kg3
{[%clk 0:31:45]} Rb1 {[%clk 0:03:55]} 62. Kh3 {[%clk 0:32:06]} Rb3
{[%clk 0:03:43]} 63. Re4+ {[%clk 0:30:44]} Kd6 {[%clk 0:03:56]} 64. Kg3
{[%clk 0:30:39]} Rb1 {[%clk 0:03:45]} 65. Kf4 {[%clk 0:30:51]} Rh1
{[%clk 0:03:56]} 66. Ke3 {[%clk 0:31:11]} Rb1 {[%clk 0:03:28]} 67. Rc4
{[%clk 0:29:28]} Re1+ {[%clk 0:03:01]} 68. Kd4 {[%clk 0:28:19]} Rh1
{[%clk 0:02:55]} 69. Kd3 {[%clk 0:27:26]} Rd1+ {[%clk 0:03:04]} 70. Kc2
{[%clk 0:27:01]} Rf1 {[%clk 0:03:14]} 71. Rd4+ {[%clk 0:26:15]} Kc6
{[%clk 0:02:46]} 72. Rf4 {[%clk 0:26:10]} f5 {[%clk 0:03:11]} 73. Kd2
{[%clk 0:26:24]} Kd5 {[%clk 0:02:55]} 74. Ke2 {[%clk 0:25:48]} Rb1
{[%clk 0:02:54]} 75. Kf2 {[%clk 0:25:58]} Rc1 {[%clk 0:02:44]} 76. b5
{[%clk 0:24:15]} Rb1 {[%clk 0:02:43]} 77. h5 {[%clk 0:23:25]} Rxb5
{[%clk 0:02:07]} 78. hxg6 {[%clk 0:20:21]} Ke6 {[%clk 0:02:28]} 79. Ra4
{[%clk 0:20:37]} Kf6 {[%clk 0:02:29]} 80. Ra6+ {[%clk 0:21:01]} Kg7
{[%clk 0:02:56]} 81. Kg3 {[%clk 0:21:24]} Rb4 {[%clk 0:03:22]} 82. f4
{[%clk 0:21:40]} Rc4 {[%clk 0:02:54]} 83. Kh4 {[%clk 0:21:59]} Rxf4+
{[%clk 0:01:42]} 84. Kg5 {[%clk 0:22:23]} Rg4+ {[%clk 0:01:56]} 85. Kh5
{[%clk 0:22:47]} Rg1 {[%clk 0:01:49]} 86. Ra7+ {[%clk 0:23:12]} Kf6
{[%clk 0:02:12]} 87. Rf7+ {[%clk 0:23:36]} Ke5 {[%clk 0:02:02]} 88. g7
{[%clk 0:23:59]} Ke6 {[%clk 0:01:50]} 89. Ra7 {[%clk 0:24:02]} Kf6
{[%clk 0:02:17]} 90. Kh4 {[%clk 0:23:44]} Rxg7 {[%clk 0:02:27]} 91. Rxg7
{[%clk 0:24:08]} Kxg7 {[%clk 0:02:54]} 92. Kg5 1/2-1/2

[Event "Moscow Open 2016 A"]
[Site "?"]
[Date "2016.02.03"]
[Round "5.17"]
[White "Palachev, Petr"]
[Black "Potapov, Pavel"]
[Result "1/2-1/2"]
[BlackElo "2492"]
[WhiteElo "2358"]
[LiveChessVersion "1.4.7"]

1. d4 {[%clk 1:30:57]} f5 {[%clk 1:30:31]} 2. c4 {[%clk 1:31:14]} Nf6
{[%clk 1:30:52]} 3. Nc3 {[%clk 1:31:37]} d6 {[%clk 1:29:35]} 4. Nf3
{[%clk 1:31:33]} g6 {[%clk 1:29:58]} 5. g3 {[%clk 1:31:59]} Bg7 {[%clk 1:30:24]}
6. Bg2 {[%clk 1:32:25]} O-O {[%clk 1:30:44]} 7. O-O {[%clk 1:32:25]} c6
{[%clk 1:30:53]} 8. b4 {[%clk 1:32:41]} e5 {[%clk 1:22:31]} 9. dxe5
{[%clk 1:33:00]} dxe5 {[%clk 1:22:44]} 10. e4 {[%clk 1:33:20]} Nxe4
{[%clk 0:56:16]} 11. Nxe4 {[%clk 1:33:03]} fxe4 {[%clk 0:56:22]} 12. Ng5
{[%clk 1:32:26]} Qd3 {[%clk 0:49:36]} 13. Nxe4 {[%clk 1:20:09]} Qxc4
{[%clk 0:38:51]} 14. b5 {[%clk 1:18:31]} Bf5 {[%clk 0:36:17]} 15. Nd6
{[%clk 1:15:12]} Qe6 {[%clk 0:36:15]} 16. bxc6 {[%clk 1:07:00]} bxc6
{[%clk 0:36:06]} 17. Ba3 {[%clk 0:59:32]} Rd8 {[%clk 0:29:37]} 18. Qb3
{[%clk 0:54:46]} Qxb3 {[%clk 0:29:08]} 19. axb3 {[%clk 0:55:15]} Be6
{[%clk 0:23:15]} 20. Nb7 {[%clk 0:54:35]} Re8 {[%clk 0:20:43]} 21. Nd6
{[%clk 0:52:37]} Rd8 {[%clk 0:21:06]} 22. Nb7 {[%clk 0:53:04]} Re8
{[%clk 0:20:54]} 23. Nd6 {[%clk 0:53:29]} Rd8 {[%clk 0:21:20]} 24. Nb7
{[%clk 0:53:55]} 1/2-1/2

[Event "Moscow Open 2016 A"]
[Site "?"]
[Date "2016.02.03"]
[Round "5.18"]
[White "Sorokin, Aleksey"]
[Black "Gasanov, Eldar"]
[Result "1/2-1/2"]
[BlackElo "2488"]
[WhiteElo "2344"]
[LiveChessVersion "1.4.7"]

1. d4 {[%clk 1:30:56]} e6 {[%clk 1:30:34]} 2. c4 {[%clk 1:31:04]} Bb4+
{[%clk 1:30:41]} 3. Nd2 {[%clk 1:31:22]} d5 {[%clk 1:29:37]} 4. a3
{[%clk 1:29:38]} Be7 {[%clk 1:27:32]} 5. Ngf3 {[%clk 1:27:14]} Nf6
{[%clk 1:27:30]} 6. g3 {[%clk 1:26:31]} O-O {[%clk 1:20:52]} 7. Bg2
{[%clk 1:26:43]} b6 {[%clk 1:19:46]} 8. O-O {[%clk 1:25:41]} Bb7 {[%clk 1:19:10]}
9. Qc2 {[%clk 1:21:52]} c5 {[%clk 1:12:16]} 10. dxc5 {[%clk 1:18:13]} bxc5
{[%clk 1:09:55]} 11. cxd5 {[%clk 1:18:13]} exd5 {[%clk 1:09:25]} 12. Rd1
{[%clk 1:15:55]} Nbd7 {[%clk 0:59:40]} 13. e4 {[%clk 1:13:44]} Qc7
{[%clk 0:52:21]} 14. exd5 {[%clk 1:12:01]} Bxd5 {[%clk 0:52:21]} 15. Nc4
{[%clk 1:11:04]} Qb7 {[%clk 0:43:16]} 16. Nh4 {[%clk 1:09:01]} Bxg2
{[%clk 0:41:59]} 17. Nxg2 {[%clk 1:09:21]} Rfe8 {[%clk 0:39:07]} 18. Bf4
{[%clk 1:07:00]} Bf8 {[%clk 0:38:42]} 19. Nge3 {[%clk 1:05:39]} Re6
{[%clk 0:33:55]} 20. Rd3 {[%clk 0:57:51]} Rae8 {[%clk 0:30:12]} 21. Rad1
{[%clk 0:54:17]} h6 {[%clk 0:26:43]} 22. Bd6 {[%clk 0:49:12]} Ne4
{[%clk 0:25:09]} 23. Bxf8 {[%clk 0:47:57]} Nxf8 {[%clk 0:24:46]} 24. Qb3
{[%clk 0:44:42]} Qc6 {[%clk 0:21:30]} 25. Nd2 {[%clk 0:43:25]} Nf6
{[%clk 0:19:04]} 26. Qc4 {[%clk 0:40:38]} N8d7 {[%clk 0:18:17]} 27. Rc3
{[%clk 0:38:40]} Rd6 {[%clk 0:17:37]} 28. Qf1 {[%clk 0:37:01]} Ne5
{[%clk 0:15:31]} 29. Nec4 {[%clk 0:36:33]} Nxc4 {[%clk 0:13:06]} 30. Nxc4
{[%clk 0:36:43]} Rde6 {[%clk 0:12:46]} 31. Re3 {[%clk 0:36:24]} Rxe3
{[%clk 0:12:44]} 32. Nxe3 {[%clk 0:36:45]} Qf3 {[%clk 0:12:02]} 33. Rc1
{[%clk 0:31:43]} Ne4 {[%clk 0:10:26]} 34. Rc2 {[%clk 0:31:41]} Nxf2
{[%clk 0:04:47]} 35. Qxf2 {[%clk 0:31:46]} Rxe3 {[%clk 0:04:41]} 36. Qxf3
{[%clk 0:32:03]} Rxf3 {[%clk 0:05:07]} 37. Rxc5 {[%clk 0:32:26]} Rb3
{[%clk 0:05:19]} 38. Rc8+ {[%clk 0:32:40]} Kh7 {[%clk 0:05:41]} 39. Rc7
{[%clk 0:33:04]} Kg6 {[%clk 0:04:11]} 40. Rxa7 {[%clk 1:03:28]} Rxb2
{[%clk 0:31:09]} 41. a4 {[%clk 1:03:48]} Ra2 {[%clk 0:29:41]} 1/2-1/2

[Event "Moscow Open 2016 A"]
[Site "?"]
[Date "2016.02.04"]
[Round "6.2"]
[White "Kokarev, Dmitry"]
[Black "Korobov, Anton"]
[Result "0-1"]
[BlackElo "2710"]
[WhiteElo "2619"]
[LiveChessVersion "1.4.7"]

1. e4 {[%clk 1:30:51]} e6 {[%clk 1:30:50]} 2. d4 {[%clk 1:31:13]} d5
{[%clk 1:31:11]} 3. Nc3 {[%clk 1:31:36]} Nf6 {[%clk 1:31:35]} 4. e5
{[%clk 1:31:37]} Nfd7 {[%clk 1:32:00]} 5. f4 {[%clk 1:32:01]} c5 {[%clk 1:32:25]}
6. Nf3 {[%clk 1:32:26]} Nc6 {[%clk 1:32:50]} 7. Be3 {[%clk 1:32:50]} Be7
{[%clk 1:33:16]} 8. dxc5 {[%clk 1:31:34]} Nxc5 {[%clk 1:33:01]} 9. Qd2
{[%clk 1:31:19]} O-O {[%clk 1:33:12]} 10. a3 {[%clk 1:27:08]} b6 {[%clk 1:20:44]}
11. Be2 {[%clk 1:22:55]} f5 {[%clk 1:11:32]} 12. exf6 {[%clk 1:12:03]} Bxf6
{[%clk 1:11:31]} 13. O-O-O {[%clk 1:11:23]} Bb7 {[%clk 1:05:57]} 14. Rhf1
{[%clk 1:00:56]} Qe7 {[%clk 0:58:40]} 15. Kb1 {[%clk 0:57:33]} d4
{[%clk 0:54:05]} 16. Nxd4 {[%clk 0:55:28]} Rfd8 {[%clk 0:46:32]} 17. Nxc6
{[%clk 0:52:45]} Bxc6 {[%clk 0:45:48]} 18. Qe1 {[%clk 0:52:31]} Bxg2
{[%clk 0:45:21]} 19. Rg1 {[%clk 0:51:41]} Bh3 {[%clk 0:43:32]} 20. Rxd8+
{[%clk 0:36:13]} Rxd8 {[%clk 0:43:45]} 21. Bg4 {[%clk 0:36:32]} Bxg4
{[%clk 0:40:12]} 22. Rxg4 {[%clk 0:36:19]} Qb7 {[%clk 0:35:23]} 23. Bxc5
{[%clk 0:33:12]} bxc5 {[%clk 0:35:10]} 24. Qxe6+ {[%clk 0:33:07]} Kh8
{[%clk 0:34:33]} 25. Rg3 {[%clk 0:31:46]} h6 {[%clk 0:29:10]} 26. Ka2
{[%clk 0:30:16]} Qb8 {[%clk 0:25:17]} 27. Rd3 {[%clk 0:19:58]} Rxd3
{[%clk 0:22:39]} 28. cxd3 {[%clk 0:20:21]} Qxf4 {[%clk 0:22:07]} 29. Nd5
{[%clk 0:16:21]} Qe5 {[%clk 0:21:40]} 30. Qc8+ {[%clk 0:16:40]} Kh7
{[%clk 0:22:06]} 31. Nxf6+ {[%clk 0:17:02]} gxf6 {[%clk 0:22:11]} 32. Qb7+
{[%clk 0:16:51]} Kg6 {[%clk 0:21:25]} 33. Qxa7 {[%clk 0:17:09]} Qd5+
{[%clk 0:20:35]} 34. Ka1 {[%clk 0:17:32]} f5 {[%clk 0:18:56]} 35. a4
{[%clk 0:10:05]} f4 {[%clk 0:18:14]} 36. Qc7 {[%clk 0:10:04]} f3 {[%clk 0:17:09]}
37. Qg3+ {[%clk 0:10:21]} Kf5 {[%clk 0:16:18]} 38. Qh3+ {[%clk 0:05:23]} Ke5
{[%clk 0:16:23]} 39. Qf1 {[%clk 0:05:41]} c4 {[%clk 0:15:17]} 40. dxc4
{[%clk 0:33:39]} Qe4 {[%clk 0:45:39]} 41. Qf2 {[%clk 0:30:30]} Qe2
{[%clk 0:45:45]} 42. Qc5+ {[%clk 0:30:52]} Ke4 {[%clk 0:45:53]} 43. Qd5+
{[%clk 0:29:03]} Ke3 {[%clk 0:36:59]} 44. Qe5+ {[%clk 0:26:41]} Kd3
{[%clk 0:35:23]} 45. Qd5+ {[%clk 0:27:05]} Kc2 {[%clk 0:35:01]} 0-1

[Event "Moscow Open 2016 A"]
[Site "?"]
[Date "2016.02.04"]
[Round "6.3"]
[White "Inarkiev, Ernesto"]
[Black "Oganian, Miran"]
[Result "1-0"]
[BlackElo "2405"]
[WhiteElo "2676"]
[LiveChessVersion "1.4.7"]

1. e4 {[%clk 1:30:57]} c5 {[%clk 1:30:48]} 2. Nf3 {[%clk 1:31:22]} e6
{[%clk 1:30:48]} 3. d4 {[%clk 1:31:48]} cxd4 {[%clk 1:31:14]} 4. Nxd4
{[%clk 1:32:15]} Nc6 {[%clk 1:31:38]} 5. Nc3 {[%clk 1:32:41]} Qc7
{[%clk 1:32:04]} 6. Be3 {[%clk 1:32:24]} Nf6 {[%clk 1:32:28]} 7. Qd2
{[%clk 1:26:02]} Nxd4 {[%clk 1:32:51]} 8. Qxd4 {[%clk 1:25:52]} Ng4
{[%clk 1:33:15]} 9. Nb5 {[%clk 1:25:08]} Qc6 {[%clk 1:33:39]} 10. e5
{[%clk 1:24:11]} Nxe3 {[%clk 1:34:00]} 11. fxe3 {[%clk 1:24:33]} Bc5
{[%clk 1:22:56]} 12. Nd6+ {[%clk 1:24:34]} Qxd6 {[%clk 1:20:48]} 13. exd6
{[%clk 1:23:01]} Bxd4 {[%clk 1:21:00]} 14. exd4 {[%clk 1:23:12]} b6
{[%clk 1:21:24]} 15. a4 {[%clk 1:22:54]} Bb7 {[%clk 1:19:07]} 16. b4
{[%clk 1:10:37]} O-O {[%clk 1:09:53]} 17. Kf2 {[%clk 0:53:30]} a5
{[%clk 0:45:18]} 18. Bd3 {[%clk 0:50:11]} axb4 {[%clk 0:38:18]} 19. Rhb1
{[%clk 0:50:23]} Ba6 {[%clk 0:37:17]} 20. Rxb4 {[%clk 0:38:52]} Bxd3
{[%clk 0:36:51]} 21. cxd3 {[%clk 0:39:19]} Ra6 {[%clk 0:22:39]} 22. Rc1
{[%clk 0:39:29]} g6 {[%clk 0:19:10]} 23. Rc7 {[%clk 0:36:13]} Rfa8
{[%clk 0:19:04]} 24. Rxd7 {[%clk 0:30:06]} Rxa4 {[%clk 0:19:28]} 25. Rc4
{[%clk 0:30:18]} R4a5 {[%clk 0:17:39]} 26. Ke3 {[%clk 0:25:16]} Rd5
{[%clk 0:16:06]} 27. Rcc7 {[%clk 0:21:13]} Rf8 {[%clk 0:15:49]} 28. Ke4
{[%clk 0:20:12]} Kg7 {[%clk 0:14:52]} 29. Rb7 {[%clk 0:19:27]} Rb5
{[%clk 0:13:53]} 30. Rdc7 {[%clk 0:11:27]} h5 {[%clk 0:12:15]} 31. h4
{[%clk 0:09:34]} Kf6 {[%clk 0:11:26]} 32. g3 {[%clk 0:10:00]} g5 {[%clk 0:09:52]}
33. Rc5 {[%clk 0:06:45]} Rb1 {[%clk 0:02:04]} 34. Rxg5 {[%clk 0:05:32]} Rd8
{[%clk 0:01:55]} 35. d7 {[%clk 0:04:49]} Re1+ {[%clk 0:00:32]} 36. Kf4
{[%clk 0:03:58]} Rf1+ {[%clk 0:00:55]} 37. Ke3 {[%clk 0:02:40]} Rf5
{[%clk 0:01:11]} 38. Rxf5+ {[%clk 0:01:46]} Kxf5 {[%clk 0:01:33]} 39. Kf3
{[%clk 0:00:50]} Kf6 {[%clk 0:00:43]} 40. Ke4 {[%clk 0:30:41]} Ke7
{[%clk 0:30:33]} 41. Rxb6 {[%clk 0:23:51]} Rg8 {[%clk 0:28:00]} 42. Kf3
{[%clk 0:19:45]} f5 {[%clk 0:25:24]} 43. d5 {[%clk 0:13:41]} exd5
{[%clk 0:25:40]} 44. Rh6 {[%clk 0:14:07]} Kxd7 {[%clk 0:25:09]} 45. Rxh5
{[%clk 0:14:08]} Ke6 {[%clk 0:25:27]} 46. Rg5 {[%clk 0:13:58]} Ra8
{[%clk 0:25:01]} 47. h5 {[%clk 0:10:09]} Ra2 {[%clk 0:23:02]} 48. d4
{[%clk 0:07:21]} Rh2 {[%clk 0:22:46]} 49. Rg6+ {[%clk 0:07:27]} Kf7
{[%clk 0:23:08]} 50. Rh6 {[%clk 0:07:35]} Kg7 {[%clk 0:23:02]} 51. Rd6
{[%clk 0:07:56]} Rxh5 {[%clk 0:23:25]} 52. Kf4 {[%clk 0:08:03]} Kf7
{[%clk 0:22:12]} 53. Rxd5 {[%clk 0:06:20]} Kg6 {[%clk 0:22:38]} 54. Rd6+
{[%clk 0:06:03]} Kf7 {[%clk 0:23:00]} 55. Rb6 {[%clk 0:05:44]} Rh3
{[%clk 0:22:37]} 56. d5 {[%clk 0:04:58]} Rh1 {[%clk 0:18:28]} 57. Kxf5
{[%clk 0:04:35]} Rh5+ {[%clk 0:18:53]} 58. Ke4 {[%clk 0:05:01]} Rg5
{[%clk 0:19:19]} 59. Rb3 {[%clk 0:05:04]} Ke7 {[%clk 0:19:45]} 60. Rd3
{[%clk 0:04:50]} Kd6 {[%clk 0:20:02]} 61. Kf4 {[%clk 0:05:09]} Rg8
{[%clk 0:20:26]} 62. g4 {[%clk 0:05:20]} Rf8+ {[%clk 0:20:51]} 63. Kg3
{[%clk 0:05:43]} Rg8 {[%clk 0:21:15]} 64. Rd1 {[%clk 0:05:50]} Ra8
{[%clk 0:18:16]} 65. g5 {[%clk 0:05:11]} Ra4 {[%clk 0:18:42]} 66. g6
{[%clk 0:04:33]} Ke5 {[%clk 0:09:10]} 67. d6 {[%clk 0:04:40]} Ra8
{[%clk 0:09:26]} 68. d7 {[%clk 0:05:00]} Rd8 {[%clk 0:09:49]} 69. g7
{[%clk 0:05:13]} Kf6 {[%clk 0:08:06]} 70. Kf4 {[%clk 0:05:34]} 1-0